Quienes amenazan la paz / (Record no. 123448)

MARC details
000 -LEADER
campo de control de longitud fija 00499nam a2200169 4500
001 - NÚMERO DE CONTROL
campo de control 123448
003 - IDENTIFICADOR DE NÚMERO DE CONTROL
campo de control ES-MaACL
005 - FECHA Y HORA DE LA ÚLTIMA TRANSACCIÓN
campo de control 20230906192156.0
007 - CAMPO FIJO DE DESCRIPCIÓN FÍSICA--INFORMACIÓN GENERAL
campo de control de longitud fija t|
008 - DATOS DE LONGITUD FIJA--INFORMACIÓN GENERAL
campo de control de longitud fija 070214s1987 sp r ||||1| spa d
245 00 - MENCIÓN DEL TÍTULO
Título Quienes amenazan la paz /
Mención de responsabilidad, etc. traducción al español Editorial Progreso.
250 ## - MENCION DE EDICION
Mención de edición 4ª. ed.
260 ## - PUBLICACIÓN, DISTRIBUCIÓN, ETC.
Lugar de publicación, distribución, etc. Moscú :
Nombre del editor, distribuidor, etc. Editora Militar : Progreso,
Fecha de publicación, distribución, etc. 1987.
300 ## - DESCRIPCIÓN FÍSICA
Extensión 110 p. ;
Dimensiones 25 cm.
710 2# - ENTRADA AGREGADA--NOMBRE DE ENTIDAD CORPORATIVA
Nombre de entidad corporativa o nombre de jurisdicción como elemento de entrada Editorial Progreso (Moscú)
9 (RLIN) 3448
852 ## - LOCALIZACIÓN
Ubicación ES-MaACL
Número de control de estantería L-11858
Sublocalización o colección R.113957
Holdings
Estatus retirado Estado de pérdida Estado de daño No para préstamo Biblioteca de origen Biblioteca actual Ubicación en estantería Fecha de adquisición Fuente de adquisición Total de préstamos Signatura topográfica completa Código de barras Visto por última vez Precio de reemplazo Tipo de ítem Koha
        Biblioteca del Ateneo de Madrid Biblioteca del Ateneo de Madrid Depósito 2 17/01/2008     L-11858 1128622 23/02/2023 23/02/2023 Libro impreso